Регионална библиотека "Любен Каравелов" - Русе

Обстоятелствените изречения в книжовния старобългарски език (Запис номер 184250)

MARC детайли
000 -Лидер
Контролно поле с фиксирана дължина 01528nam a2200313 c 4500
003 - Код на организацията, давaща контролен номер
Контролно поле BLK
005 - Дата и час на последна редакция
Контролно поле 20180422115333.0
008 - Елементи от данни с фиксирана дължина
fixed length control field 180411b bul|||||r ||||||| ||bul||
010 ## - Наследен системен номер
LC control number KNG00193203000
040 ## - Източник на каталожния запис
Идентификатор на билиотеката - собственик на записа BLK
041 ## - Код за език
Код за езика на текст/звукозапис или на отделно заглавие Български
Код за езика КДБФ Български
080 ## - УДК
Текстов определител УДК Старобългарски език (ІХ-ХІ в. ). Църковнославянски език (богослужебен ез. на източноправославната църква - руска редакция на старобълг. ез.
УДК код - определител по УДК 811.163.1
УДК определител
УДК - код + определител 811.163.1
100 1# - Редна дума - Автор
Автор Дограмаджиева, Екатерина Петрова
Авторска отговорност първи автор
R(LIN) 363984
139 ## - Редно поле
Редна дума Дограмаджиева, Екатерина Петрова
Авторски знак Дог - Д 69
245 10 - Сведения за заглавието
Заглавие Обстоятелствените изречения в книжовния старобългарски език
Подзаглавни данни Изследване
Редно поле (дума) Екатерина Петрова Дограмаджиева.
257 ## - Страна на издаване
Страна на създаване/издаване България
260 ## - Област на издателските данни
-- София
Име на издателя, разпространителя и проч. БАН
Година на издаване 1984
300 ## - Физическа характеристика
Страници 238 с.
Илюстрации и др. с табл.
Размери/Мащаб 25 см
380 ## - Жанр
Жанр Езикознание. Филология
500 ## - Общи забележки
Забележка 800 тир. - Изд. на БАН. Инст. за бълг. ез. - Библиогр. под линия.
650 #4 - Допълнително описание по предмет – тема
Основно описание – тема или топоним Старобългарски език - синтаксис
9 (RLIN) 329990
653 ## - Ключова дума – ненормативна
Ключова дума старобългарски език
653 ## - Ключова дума – ненормативна
Ключова дума синтаксис
852 ## - Местоположение
Форматна сигнатура Цб 129021
856 4# - Електронен адрес и достъп
Електронен формат pdf - файл
Път до файла /url/
856 4# - Електронен адрес и достъп
Електронен формат pdf - файл
Път до файла /url/
942 ## - АРТИКУЛИ
Вид на библиотечния материал Книги
Скрит в OPAC Не
944 ## - СЪЗДАВАНЕ И РЕДАКЦИЯ на ЗАПИСА
Създаване/Редакция Създаване
Дата на регистрацията/редакция 14.10.2016
Служител, извършил регистрацията/редакцията Любка_Николова
944 ## - СЪЗДАВАНЕ И РЕДАКЦИЯ на ЗАПИСА
Създаване/Редакция Редакция
Дата на регистрацията/редакция 14.10.2016
Служител, извършил регистрацията/редакцията Любка_Николова
999 ## - СИСТЕМНИ КОНТРОЛНИ НОМЕРА
Koha biblionumber 184250
Koha biblioitemnumber 184250
Наличности
Код за отписване Код за изгубен артикул Източник на класификационната схема Код за повреда Коз за рестрикции Код за отдаване Артикулен № Име на библиотеката - собственик Име на библиотеката, в която се намира в момента Статус (Текущо местоположение) Дата на вписване в системата Местоположение - отдел Цена в лева Инвентарен номер Систематично азбучна сигнатура Баркод Номер на екземпляра Цена в евро Служебна бележка Служебен тип на артикула
  Не е изгубен Universal Decimal Classification Не е повреден без рестрикции ползва се в читалня 318318 Регионална библиотека "Любен Каравелов" Русе Регионална библиотека "Любен Каравелов" Русе Хранилище 1984-01-01 Хранилище 3.95 413163 Цб 129021 900000008847 1 2.02 Вид: Сф N: стар фонд Дата: 01.01.1984 Книги
Изтеглен Не е изгубен Universal Decimal Classification Не е повреден без рестрикции заемане за дома 318319 Регионална библиотека "Любен Каравелов" Русе Регионална библиотека "Любен Каравелов" Русе Заемна - подръчен фонд 1984-01-01 Заемна - подръчен фонд 3.95 413611 П 808/Д 69 413611 2 2.02 Вид: Сф N: стар фонд Дата: 01.01.1984 Дата инв: 21.03.2018 Бележки инв: П2018 Книги
Vip Innovations Ltd, Rousse, Bulgaria 2025